书目信息 |
| 题名: |
十年磨一剑
|
|
| 作者: | ;上海物理学会普及工作委员会 编 | |
| 分册: | ||
| 出版信息: | 上海 上海科学技术出版社 1984 |
|
| 页数: | 99页 | |
| 开本: | 19cm | |
| 丛书名: | ||
| 单 册: | ||
| 中图分类: | O4-49 , G633.7 | |
| 科图分类: | ||
| 主题词: | 教育--各级 , 物理学--普及读物 | |
| 电子资源: | ||
| ISBN: | ||
| 000 | 00736nam0 2200253 45 | |
| 001 | 0184002682 | |
| 005 | 20060811174354.32 | |
| 010 | @dCNY0.30 | |
| 091 | @a13119.136 | |
| 100 | @a19950525d1984 em y0chiy0121 ea | |
| 101 | 0 | @achi |
| 102 | @aCN@b310000 | |
| 105 | @ay z 000yy | |
| 200 | 10 | @a十年磨一剑@Ashi nian mo yi jian@f上海物理学会普及工作委员会编 |
| 210 | @a上海@c上海科学技术出版社@d1984 | |
| 215 | @a99页@d19cm | |
| 606 | 0 | @a教育@x各级 |
| 606 | @a物理学@x普及读物 | |
| 690 | @aO4-49@v3 | |
| 690 | @aG633.7 | |
| 711 | 02 | @a上海物理学会普及工作委员会@Ashang hai wu li xue hui pu ji gong zuo wei yuan hui@4编 |
| 801 | 2 | @aCN@bNLC@c20060811 |
| 801 | 0 | @aCN@b上海图书馆@c20030108 |
| 905 | @f2@b156900-901@dG633.7@e78 | |
| 十年磨一剑/上海物理学会普及工作委员会编.-上海:上海科学技术出版社,1984 |
| 99页;19cm |
| ISBN :CNY0.30 |
| ● |
| 相关链接 |
|
|
|
|
正题名:十年磨一剑
索取号:G633.7/78
 
预约/预借
| 序号 | 登录号 | 条形码 | 馆藏地/架位号 | 状态 | 备注 |
| 1 | 0156900 | 000617176 | 密集书库/ [索取号:G633.7/78] | 在馆 | |
| 2 | 0156901 | 000617247 | 密集书库/ [索取号:G633.7/78] | 在馆 | |
| 3 | 0156902 | 002066659 | 第一样本阅览室/ [索取号:G633.7/78] | 在馆 | |
| 4 | 0448797 | 204487974 | 密集书库/ [索取号:G633.7/78] | 在馆 |